Culture Générale en 10 courtes vidéos #11 - Statistiques

Statistiques générales
  • Ce quiz a été pris 93 fois
  • Le résultat moyen est 8 sur 10
Statistiques - réponses
Vidéo Question Réponse % Correct
Quelle matière ce professeur enseigne t-il ici avec confiance ? Physique
94%
Dans quel pays cette vidéo (où les Dashcam sont conseillées) a-t-elle été prise ? Russie
90%
Extrait d'une série TV à trouver en deux mots classé par Allociné à 4.5/5 Peaky Blinders
83%
Quel est le nom du bassin en 8 lettres montré dans ce timelapse Arcachon
82%
Nom de Famille à trouver du basketteur Earvin ______ Jr. surnommé Magic ______ Johnson
76%
Complète en 7 lettres le nom de ce programme de TV réalité : Hell's ________ Kitchen
76%
Extrait d'un Film à trouver en deux mots qui a fait plus de 4 millions d'entrées en 2013 en France Django Unchained
70%
Complète le titre de ce jeu vidéo avec le mot en anglais manquant de 5 lettres : Medal of _____ Honor
65%
Nom de la chienne en 5 lettres commençant par L qui est devenue le premier être vivant à aller dans l'Espace le 3 novembre 1957 Laïka
64%
Donne le prénom ou le nom de famille de l'homme politique en costume bleu pris ici en train de danser Alain Juppé
61%
Aucun quiz correspondant
Distribution des résultats
% des personnes avec chaque résultat
Percentile par nombre de réponses
Votre historique - résultats
Vous n’avez pas pris ce quiz